Movies Quiz

Random Movies or Lyrics Quiz

Can you name the lyrics to Circle of Life Quiz Stats

 Plays Quiz not verified by Sporcle

Score 0/152 Timer 08:00
0 Plays Today
% Correct
the
94.7%
the
94.7%
the
94.7%
the
94.7%
the
94.7%
the
94.7%
the
94.7%
the
94.7%
the
94.7%
The
94.7%
the
94.7%
the
94.7%
The
94.7%
circle
89.5%
circle
89.5%
circle
89.5%
circle
89.5%
circle
89.5%
circle
89.5%
of
89.2%
of
89.2%
of
89.2%
of
89.2%
life
89.1%
life
89.1%
life
89.1%
life
89.1%
it
85.1%
it
85.1%
we
84.8%
we
84.8%
we
84.8%
in
84%
In
84%
In
84%
And
83.2%
and
83.2%
and
83.2%
and
83.2%
and
83.2%
And
83.2%
and
83.2%
and
83.2%
on
82.7%
on
82.7%
On
82.7%
On
82.7%
to
80.1%
to
80.1%
to
80.1%
to
80.1%
% Correct
From
78.9%
day
78.2%
It's
77.6%
It's
77.6%
be
77.6%
be
77.6%
be
77.6%
planet
77.1%
sun
76.1%
sun
76.1%
arrive
75.3%
do
75%
see
74.6%
can
74.5%
ever
74.5%
can
74.5%
ever
74.5%
can
74.5%
ever
74.5%
more
74.2%
more
74.2%
More
74.2%
us
72.9%
us
72.9%
all
72.7%
all
72.7%
than
72.4%
than
72.4%
than
72.4%
seen
72.2%
done
71.4%
There's
71.1%
There's
71.1%
moves
69.1%
moves
69.1%
find
68.7%
find
68.7%
find
68.7%
into
68.5%
step
67.8%
our
64.6%
our
64.6%
sky
62.8%
high
61.8%
blinking
61.5%
path
61.5%
path
61.5%
found
60.9%
through
60.7%
Through
60.7%
Through
60.7%
% Correct
Through
60.7%
Through
60.7%
much
60.3%
too
59.8%
unwinding
59.3%
unwinding
59.3%
take
58.7%
rolling
58%
far
57.8%
place
57.3%
place
57.3%
sapphire
56%
here
55.7%
faith
54.3%
Till
54.3%
faith
54.3%
Till
54.3%
hope
54.2%
hope
54.2%
love
53.5%
love
53.5%
enamabala
52.5%
endless
49%
despair
47.2%
despair
47.2%
But
46.9%
small
45.7%
great
43.7%
round
41.3%
keeps
34.1%
Nants
26.8%
Nants
26.8%
Baba
25.7%
baba
25.7%
ingonyama
22.9%
ingonyama
22.9%
ingonyama
22.9%
ingonyama
22.9%
Ingonyama
22.9%
Ingonyama
22.9%
Ingonyama
22.9%
Sithi
19.1%
Sithi
19.1%
bagithi
19%
bagithi
19%
uhm
18.2%
nengw'
17.4%
uhhmm
15.9%
Siyo
15%
Nqoba
14.9%

You're not logged in!

Compare scores with friends on all Sporcle quizzes.
OR
Log In

Show Comments

Extras

Top Quizzes Today


Score Distribution

Your Account Isn't Verified!

In order to create a playlist on Sporcle, you need to verify the email address you used during registration. Go to your Sporcle Settings to finish the process.

Report this User

Report this user for behavior that violates our Community Guidelines.

Details: